Letters from a father to his daughter / (Record no. 7303)
[ view plain ]
| 000 -LEADER | |
|---|---|
| fixed length control field | 01354nam a2200349 a 4500 |
| 001 - CONTROL NUMBER | |
| control field | 4776385 |
| 003 - CONTROL NUMBER IDENTIFIER | |
| control field | GBCCL |
| 005 - DATE AND TIME OF LATEST TRANSACTION | |
| control field | 20241126110624.0 |
| 008 - FIXED-LENGTH DATA ELEMENTS--GENERAL INFORMATION | |
| fixed length control field | 880113s1973 ii a j 000 0 eng |
| 010 ## - | |
| -- | 86154572 |
| 020 ## - INTERNATIONAL STANDARD BOOK NUMBER | |
| Terms of availability | Rs7.50 (pbk.) |
| 040 ## - CATALOGING SOURCE | |
| Original cataloging agency | DLC |
| Transcribing agency | DLC |
| Modifying agency | DLC |
| 042 ## - | |
| -- | lcac |
| 050 00 - | |
| -- | D62 |
| -- | .N44 1984 |
| 082 00 - DEWEY DECIMAL CLASSIFICATION NUMBER | |
| Classification number | 930 |
| Edition information | 19 |
| Item number | NEH |
| 100 1# - MAIN ENTRY--PERSONAL NAME | |
| Personal name | Nehru, Jawaharlal, |
| Dates associated with a name | 1889-1964. |
| 9 (RLIN) | 5282 |
| 245 10 - TITLE STATEMENT | |
| Title | Letters from a father to his daughter / |
| Statement of responsibility, etc. | Jawaharlal Nehru. |
| 250 ## - EDITION STATEMENT | |
| Edition statement | 1st ed. |
| 260 ## - PUBLICATION, DISTRIBUTION, ETC. | |
| Place of publication, distribution, etc. | New Delhi : |
| Name of publisher, distributor, etc. | Children's Book Trust, |
| Date of publication, distribution, etc. | 1984 printing, c1973. |
| 300 ## - PHYSICAL DESCRIPTION | |
| Extent | 118 p. : |
| Other physical details | ill. (some col.) ; |
| Dimensions | 24 cm. |
| 520 ## - SUMMARY, ETC. | |
| Summary, etc. | A collection of letters from Jawaharlal Nehru to his young daughter, Indira Gandhi, dealing with the beginnings of the Earth, man's awareness of himself, and the history and civilizations of the ancient world. |
| 600 10 - SUBJECT ADDED ENTRY--PERSONAL NAME | |
| Personal name | Nehru, Jawaharlal, |
| Dates associated with a name | 1889-1964 |
| General subdivision | Correspondence. |
| 9 (RLIN) | 12948 |
| 600 10 - SUBJECT ADDED ENTRY--PERSONAL NAME | |
| Personal name | Gandhi, Indira, |
| Dates associated with a name | 1917-1984. |
| 9 (RLIN) | 5540 |
| 600 11 - SUBJECT ADDED ENTRY--PERSONAL NAME | |
| Personal name | Nehru, Jawaharlal, |
| Dates associated with a name | 1889-1964 |
| General subdivision | Correspondence. |
| 9 (RLIN) | 12948 |
| 600 11 - SUBJECT ADDED ENTRY--PERSONAL NAME | |
| Personal name | Gandhi, Indira, |
| Dates associated with a name | 1917-1984. |
| 9 (RLIN) | 5540 |
| 650 #0 - SUBJECT ADDED ENTRY--TOPICAL TERM | |
| Topical term or geographic name entry element | History, Ancient |
| General subdivision | Juvenile literature. |
| 9 (RLIN) | 12949 |
| 650 #1 - SUBJECT ADDED ENTRY--TOPICAL TERM | |
| Topical term or geographic name entry element | History, Ancient. |
| 9 (RLIN) | 5285 |
| 650 #1 - SUBJECT ADDED ENTRY--TOPICAL TERM | |
| Topical term or geographic name entry element | Letters. |
| 9 (RLIN) | 12950 |
| 700 1# - ADDED ENTRY--PERSONAL NAME | |
| Personal name | Gandhi, Indira, |
| Dates associated with a name | 1917-1984. |
| 9 (RLIN) | 5540 |
| 906 ## - LOCAL DATA ELEMENT F, LDF (RLIN) | |
| a | 7 |
| b | cbc |
| c | orignew |
| d | 3 |
| e | ncip |
| f | 19 |
| g | y-gencatlg |
| 942 ## - ADDED ENTRY ELEMENTS (KOHA) | |
| Source of classification or shelving scheme | Dewey Decimal Classification |
| Koha item type | Books |
| Withdrawn status | Lost status | Source of classification or shelving scheme | Damaged status | Not for loan | Home library | Current Library | Shelving location | Date acquired | Total checkouts | Full call number | Barcode | Date last seen | Copy number | Price effective from | Koha item type |
|---|---|---|---|---|---|---|---|---|---|---|---|---|---|---|---|
| Dewey Decimal Classification | GRACE BIBLE COLLEGE | GRACE BIBLE COLLEGE | General Studies | 2018-07-25 | 930 NEH | 002154 | 2025-05-01 | c1 | 2018-07-25 | Books |